01515nam a2200349Ia 4500001001200000003000800012006001900020007001500039008004100054010001700095020001500112020002800127040002100155035002000176050002300196082001800219100002000237245015700257260005600414300002400470504005100494533015200545650005100697650007000748650004900818650005300867650005600920650001700976655002900993710001701022856012601039ebr10021691CaPaEBRm u cr cn|||||||||000623s2001 mdua sb 001 0 eng d z 00010152  z0801872820 z0801866065 (alk. paper) aCaPaEBRcCaPaEBR a(OCoLC)5148078914aCB478b.L65 2001eb04a001.1/0942211 aLong, Pamela O.10aOpenness, secrecy, authorshiph[electronic resource] :btechnical arts and the culture of knowledge from antiquity to the Renaissance /cPamela O. Long. aBaltimore :bJohns Hopkins University Press,c2001. axii, 364 p. :bill. aIncludes bibliographical references and index. aElectronic reproduction.bPalo Alto, Calif. :cebrary,d2013.nAvailable via World Wide Web.nAccess may be limited to ebrary affiliated libraries. 0aTechnology and civilizationxHistoryyTo 1500. 0aCommunication of technical informationzEuropexHistoryyTo 1500. 0aTechnical writingzEuropexHistoryyTo 1500. 0aIntellectual propertyzEuropexHistoryyTo 1500. 0aLearning and scholarshipzEuropexHistoryyTo 1500. 0aRenaissance. 7aElectronic books.2local2 aebrary, Inc.40uhttp://site.ebrary.com/lib/rucke/Doc?id=10021691zAn electronic book accessible through the World Wide Web; click to view